000 00331nam a2200109 4500
999 _c14388
_d14388
008 190914b ||||| |||| 00| 0 eng d
245 _aMarvel comics unveils wave, a Filipina water warrior.
260 _aPhilippines:
_bManila Bulletin;
_cc2019.
300 _apage 6.
650 0 _939675
_aComic books, strips, etc.
942 _2ddc
_cPER